Virtuální polytechnická knihovna - Souborný katalog - Úplný záznam dokumentu - MARC Uživatel: --- 
-----nas  22-----zu 4500
001 SKVPK0031872
003 CZ-VPK
005 20260422140333.0
008 260422d19681976||||| | |||  ||   |||||||
022   $a0029-8670
040   $aABA013$bcze
222  0$aOel und Gas und Feuerungstechnik
245 00$aOel und Gas und Feuerungstechnik
260   ,$c1968-1976
650 07$apožární ochrana$xst$2psh
650 07$achemie$xch$2psh
780 00$tOel- + Gasfeuerung$x0029-8662
780 00$tFeuerungstechnik$x0367-2093
780 00$tOel + Gas$x0472-5328
785 00$tFeuerungstechnik$x0015-0401
785 00$tOel und Gas und Feuerungstechnik
910   $aABA013$r1968-1976
OAI-PMH
 středa 13.05.2026 21:45:05 © 2001-2015 Národní technická knihovna 

[Virtuální polytechnická knihovna] [Servisní centrum] [Souborný katalog]